00997cam a22002534a 4500008004100000020002500041245012400066260005100190300005000241500002000291504004100311650004200352650005200394650005200446650005500498650002400553650004100577650003400618650004100652700002300693003000100716005001700717040000900734  a9780323053426 (hbk.)00aMovement system impairment syndromes of the extremities, cervical and thoracic spines /c [edited] Shirley A. Sahrmann. aSt. Louis, Missouri :bElsevier/Mosby,cc2011. axvii, 547 p. :bill. (chiefly col.) ;c29 cm. aIncludes index. aIncludes bibliographical references. 0aMovement disordersxPhysical therapy. 0aCervical vertebraexDiseasesxPhysical therapy. 0aThoracic vertebraexDiseasesxPhysical therapy. 0aExtremities (Anatomy)xDiseasesxPhysical therapy.12aMovement Disorders.22aCervical Vertebraexphysiopathology.22aExtremitiesxphysiopathology.22aThoracic Vertebraexphysiopathology.1 aSahrmann, Shirley.20230120204204.0 cNUST